000
00270nam a2200109Ia 4500
008
200302s9999 xx 000 0 und d
100
_a
Bernard lassus
245
_a
The Landscape Approach
260
_b
University of Pennsylvania Press
260
_c
1998
300
_a
196 P.,
999
_c
1189
_d
1189